| 000 | 01196nam a22002417a 4500 | ||
|---|---|---|---|
| 003 | NALT | ||
| 005 | 20220224145946.0 | ||
| 008 | s2548 th tha d | ||
| 040 | _aNALT | ||
| 041 | _atha | ||
| 050 |
_aTX 356 _bว486พ 2548 |
||
| 100 | 0 |
_957187 _aวารุณี วารัญญานนท์ |
|
| 245 | 1 | 0 |
_aพัฒนาการผลิตอาหารไทยปลอดภัยสู่ครัวโลก = _bBuilding safety Thai foods for the world / _cวารุณี วารัญญานนท์ |
| 246 | 3 | 1 | _aBuilding safety Thai foods for the world. |
| 260 |
_aกรุงเทพฯ : _bสำนักงานคณะกรรมการวิจัยแห่งชาติ, _c2548 |
||
| 300 |
_a478 หน้า : _bภาพประกอบ, ตาราง ; _c29 ซม. |
||
| 650 | 0 | 4 | _aอาหารไทย -- การตลาด -- วิจัย |
| 650 | 0 | 4 | _aอาหารไทย -- วิจัย |
| 650 | 0 | 4 | _aอาหารไทย -- การผลิต -- วิจัย |
| 700 | 0 | _aอัญชนีย์ อุทัยพัฒนาชีพ | |
| 850 | _aNALT | ||
| 942 |
_cRSH _2lcc |
||
| 999 |
_c46771 _d46771 |
||
| 998 |
_j109 _k อารีรัตน์ วิชาช่าง |
||